Harry Potter Movie Picture Quiz - Names of Creatures - Statistics

General Stats
  • This quiz has been taken 69 times
    68 since last reset
  • The average score is 20 of 22
Answer Stats
Picture Answer % Correct
Dobby
100%
Crookshanks
98%
Fawkes
98%
Hedwig
98%
Nearly Headless Nick
98%
The Fat Lady
98%
Aragog
95%
Fang
95%
Nagini
95%
The Grey Lady
95%
Trevor
95%
Buckbeak
93%
Kreacher
93%
Moaning Myrtle
93%
Fluffy
90%
Mrs Norris
90%
Scabbers
90%
Norbert
88%
Grawp
86%
Griphook
83%
Firenze
76%
Bogrod
48%
No matching quizzes found
Score Distribution
Percent of People with Each Score
Percentile by Number Answered
Your Score History
You have not taken this quiz since the last reset